Division I College Quizbowl National Champions - Statistics

General Stats
  • This quiz has been taken 17 times
    10 since last reset
  • The average score is 11 of 17
Answer Stats
School ACF Nationals NAQT ICT % Correct
Michigan 2001, 2002, 2005, 2016 2002, 2005, 2017
88%
Yale 2011, 2012 2013, 2018, 2019
88%
California, Berkeley 2003 2004, 2006
75%
Chicago 1993, 1994, 1999, 2000, 2004, 2007, 2008, 2009, 2018, 2024 1997, 1999, 2001, 2003, 2007, 2009, 2010, 2016, 2024, 2025
75%
Columbia 2019 2021
75%
Cornell - 2023
75%
Harvard 1995 -
75%
Penn 2015 -
75%
Stanford 2010, 2025 1998, 2022
75%
Florida 2021 -
63%
Illinois 2013 2000
63%
Maryland 2017 2008
63%
Minnesota - 2011
63%
Virginia 1997, 1998, 2014 2012, 2014, 2015
63%
Georgia Tech 1996, 2022, 2023 -
50%
Tennessee 1991 -
50%
Texas A&M 2006 -
25%
No matching quizzes found
Score Distribution
Percent of People with Each Score
Percentile by Number Answered
Your Score History
You have not taken this quiz since the last reset